Estudios Sociales Centroamericanos / (Septiembre-Diciembre 1978) Año 7, Número 21
Salvato in:
| Ente Autore: | |
|---|---|
| Natura: | Libro |
| Lingua: | Spanish |
| Pubblicazione: |
San José, Costa Rica:
Universidad de Costa Rica; Consejo Superior Universitario Centroamericano,
|
| Soggetti: | |
| Tags: |
Aggiungi Tag
Nessun Tag, puoi essere il primo ad aggiungerne!!
|
MARC
| LEADER | 00000nam a22000007a 4500 | ||
|---|---|---|---|
| 003 | cru CIDCACS/IIS | ||
| 005 | 20220608112428.0 | ||
| 007 | ta | ||
| 008 | 170213n1978 cr ||||| |||| 00| 0 spa d | ||
| 022 | |a 0303-9676 | ||
| 040 | |c CRAI/IIS |a CRAI/IIS | ||
| 090 | |a REV0467 7(21) 1978 | ||
| 110 | 1 | |9 8176 |a Consejo Superior Universitario Centroamericano (CSUCA) | |
| 245 | 1 | |a Estudios Sociales Centroamericanos / |b (Septiembre-Diciembre 1978) Año 7, Número 21 |c CSUCA | |
| 260 | |a San José, Costa Rica: |b Universidad de Costa Rica; Consejo Superior Universitario Centroamericano, | ||
| 270 | |b Montes de Oca |c San José |d Costa Rica | ||
| 300 | |a 231 páginas | ||
| 310 | |a Cuatrimestral | ||
| 500 | |a Colección Centroamérica | ||
| 505 | |a ARTÍCULOS Y ENSAYOS Las condiciones del desarrollo de la integración centroamericana (II Parte) Jorge Hernández Alcerro (páginas 9-51) Doctrina de Seguridad nacional y régimen militar (II Parte) Genaro Arriaga y Manuel Antonio Garretón (páginas 53-82) La política arancelaria y sus efectos económico-sociales en Centroamérica Jorge Yllescas Oliva (páginas 83-99) Dominación política y terrorismo de Estado Gérard Pierre-Charles (páginas 115-130) El papel del Estado en el modelo puertorriqueño de crecimiento económico; base clasista del proyecto desarrollista del 40 Angel G. Quintero Rivera (páginas 131-158) La reforma agraria y la transición al socialismo en Chile, 1970-1973 Cristóbal Cay (páginas 159-192) PROBLEMAS Y DEBATES TEÓRICOS-METODOLÓGICOS Uso y conciencia de las categorías económicas en explotaciones familiares Eduardo P. Archetti (páginas 193-208) América Latina: Las críticas a las ciencias sociales y las tareas inmediatas Pablo González Casanova (páginas 209-224) Idolatría de la ciencia y teoría de la ideología Tomás Mouilán (páginas 225-248) BIBLIOGRAFÍA Y DOCUMENTACIÓN Un nuevo enfoque de la teoría de la inflación Rafael Menjívar (páginas 249-252) Siete años de reforma agraria peruana José Manuel Mejía (páginas 253-260) Estado del medio ambiente, 1978 (páginas 273-278) 1948-1978. Los treinta años del CSUCA Carlos Tünnerman Bernheim (páginas 279-290) PROYECTOS Y AVANCES DE INVESTIGACIÓN Desarrollo económico, Estado y políticas públicas en Centroamérica (páginas 291-308) | ||
| 650 | 0 | |2 OCDE |9 500 |a ACTIVIDAD MILITAR | |
| 650 | 4 | |9 4384 |a ARANCELES | |
| 650 | 0 | |9 5782 |a ECONOMIA SOCIAL | |
| 651 | 0 | |9 308 |a CENTROAMERICA | |
| 773 | |g Volumen 7, número 21, (Septiembre-Diciembre 1978) |t Estudios Sociales Centroamericanos |o 13260 | ||
| 942 | |2 z |c PP |s 1 | ||
| 999 | |c 44288 |d 44288 | ||
